000 00966nam a22002537a 4500
005 20170124102945.0
010 _aA-733079
020 _c70.00
_a8174080422
035 _aA-733079
037 _bCen Lib/Ret
040 _aDPL
_bHN
082 _a821
_bजैनसु
100 _aजैन, सुनीता
_943260
245 _aसुनो मधु किश्वर /
_cसुनीता जैन
246 _aSuno madhu kishwar /
_bby Suneeta Jain
260 _aनयी दिल्ली
_bअयन प्रकाशन
_c1995
270 _bनयी दिल्ली
_a1/20, महरौली
_e110030
300 _a91पृ.
_c20सेमी (सजिल्द)
650 _aहिन्दी -- साहित्य
_949489
650 _aहिन्दी -- काव्य
_9779
650 _aHindi -- literature
_949490
650 _aHindi - Poetry
_949491
942 _2ddc
_cHN
_h821
_mजैनसु
999 _c112863
_d112863